|
|
|
|
| LEADER |
00000nam a2200000 a 4500 |
| 001 |
vtls001124213 |
| 003 |
SK-MaSNL |
| 005 |
20260301192026.0 |
| 008 |
250414s1988 xo 0 slo |
| 015 |
|
|
|a SNBA1988/06
|
| 035 |
|
|
|a SNK000067056
|
| 040 |
|
|
|a SNK
|b slo
|c SNK
|e AACR2
|
| 041 |
0 |
|
|a slo
|
| 044 |
|
|
|a xo
|c SK
|
| 080 |
|
|
|a 641.528(035)
|2 1981
|
| 100 |
1 |
|
|a Lifková, Zdenka,
|d 1927-
|4 aut
|9 220810
|
| 245 |
1 |
0 |
|a Zmrazovanie potravín v mrazničkách
|c Zdenka Lifková ; Milan Chvíla
|
| 250 |
|
|
|a 3. vyd.
|
| 260 |
|
|
|a Bratislava
|b Alfa
|c 1988
|e Bratislava
|f Západoslovenské tlačiarne
|
| 300 |
|
|
|a 120 s., 6,02 AH
|b Tb. Fot.
|c 20 cm
|
| 366 |
|
|
|e 60000 výtl.
|
| 490 |
0 |
|
|a Edícia potravinárskej literatúry
|
| 500 |
|
|
|a Lit. 17. Ilustr. na predsádkach. 17 zázn. v slov., češ., nem. a angl.
|
| 700 |
1 |
|
|a Chvíla, Milan,
|d 1944-2005
|4 bkd
|9 60550
|
| 852 |
|
|
|a Slovenská národná knižnica
|
| 954 |
|
|
|a potraviny
|a zmrazovanie
|a mrazničky
|
| 958 |
|
|
|a OND
|
| 958 |
|
|
|a NB
|
| 958 |
|
|
|a TL
|
| 999 |
|
|
|c 873005
|d 874935
|
| 952 |
|
|
|t P60, <04>, [BOOK], {604}
|a SNK
|b SNK
|y VYP
|7 0
|p 17A0436494
|o snkSD 59950 D1
|i snkKSP 3453/88
|0 0
|1 0
|4 0
|d 2004-07-29
|l 0
|r 2004-12-31 00:00:00
|w 2026-02-24
|